Inward personal Transfers 2013 (Record no. 10706)
[ view plain ]
| 000 -LEADER | |
|---|---|
| fixed length control field | 00362nam a22001337a 4500 |
| 005 - DATE AND TIME OF LATEST TRANSACTION | |
| control field | 20170822175146.0 |
| 008 - FIXED-LENGTH DATA ELEMENTS--GENERAL INFORMATION | |
| fixed length control field | 160531b xxu||||| |||| 00| 0 eng d |
| 040 ## - CATALOGING SOURCE | |
| Modifying agency | BSU |
| 082 ## - DEWEY DECIMAL CLASSIFICATION NUMBER | |
| Edition number | 22 |
| Classification number | R330.9 UGA |
| 245 ## - TITLE STATEMENT | |
| Title | Inward personal Transfers 2013 |
| Remainder of title | Uganda:Personal Transfers Report |
| 260 ## - PUBLICATION, DISTRIBUTION, ETC. (IMPRINT) | |
| Place of publication, distribution, etc | Kampala |
| Name of publisher, distributor, etc | UBOS |
| Date of publication, distribution, etc | 2013 |
| 300 ## - PHYSICAL DESCRIPTION | |
| Extent | xii,50p. |
| Dimensions | 26 cm |
| 942 ## - ADDED ENTRY ELEMENTS (KOHA) | |
| Source of classification or shelving scheme | Dewey Decimal Classification |
| Item type | Periodicals |
| Withdrawn status | Lost status | Source of classification or shelving scheme | Damaged status | Not for loan | Collection code | Home library | Current library | Shelving location | Date acquired | Source of acquisition | Total Checkouts | Full call number | Barcode | Date last seen | Copy number | Price effective from | Koha item type |
|---|---|---|---|---|---|---|---|---|---|---|---|---|---|---|---|---|---|
| Dewey Decimal Classification | Main Library | Main Library | Periodicals | 31/05/2016 | Donation | R330.9 UGA | R117 | 31/05/2016 | 1 | 31/05/2016 | Periodicals | ||||||
| Dewey Decimal Classification | Main Library | Main Library | Periodicals | 31/05/2016 | Donation | R330.9 UGA | R118 | 31/05/2016 | 2 | 31/05/2016 | Periodicals | ||||||
| Dewey Decimal Classification | Main Library | Main Library | Periodicals | 31/05/2016 | Donation | R330.9 UGA | R119 | 31/05/2016 | 3 | 31/05/2016 | Periodicals | ||||||
| Dewey Decimal Classification | Main Library | Main Library | Periodicals | 31/05/2016 | Donation | R330.9 UGA | R120 | 31/05/2016 | 4 | 31/05/2016 | Periodicals | ||||||
| Dewey Decimal Classification | Main Library | Main Library | Periodicals | 31/05/2016 | Donation | R330.9 UGA | R121 | 31/05/2016 | 5 | 31/05/2016 | Periodicals |